[Event "Llinars del Valles op 11th B"]
[Site "Llinars del Valles"]
[Date "2017.04.22"]
[Round "1.5"]
[White "Elkhafi, Ayoub"]
[Black "Bosch Ricart, Joan"]
[Result "0-1"]
[WhiteElo "1317"]
[BlackElo "1692"]
[PlyCount "42"]
[EventDate "2017.04.22"]
[EventType "swiss"]
[EventRounds "9"]
[EventCountry "ESP"]
[SourceTitle "EXT 2024"]
[Source "ChessBase"]
[SourceDate "2023.10.10"]
[SourceVersion "1"]
[SourceVersionDate "2023.10.10"]
[SourceQuality "1"]

1. c4 e5 2. Nc3 Nf6 3. d3 Be7 4. Nf3 d6 5. g3 0-0 6. Bg2 c6 7. 0-0 h6 8. b3 Be6 9. Nd2 Qd7 10. Re1 Bh3 11. Bh1 Na6 12. Rb1 Nc7 13. b4 d5 14. a3 Rad8 15. b5 Bc5 16. Qa4 Qf5 17. Nd1 Ng4 18. e3 Qxd3 19. Rb3 Qc2 20. Nc3 Qf5 21. Nf1 Qxf2# 0-1

[Event "Roncana op-B 10th"]
[Site "Santa Eulalia de Roncana"]
[Date "2016.10.08"]
[Round "3"]
[White "Elkhafi, Ayoub"]
[Black "Ceruelo Santiveri, Oscar"]
[Result "0-1"]
[WhiteElo "1758"]
[BlackElo "1330"]
[PlyCount "86"]
[EventDate "2016.09.24"]
[EventType "swiss"]
[EventRounds "8"]
[EventCountry "ESP"]
[SourceTitle "EXT 2018"]
[Source "ChessBase"]
[SourceDate "2017.10.13"]
[SourceVersion "1"]
[SourceVersionDate "2017.10.13"]
[SourceQuality "1"]

1. c4 c5 2. Nc3 Nc6 3. Nf3 g6 4. e4 e6 5. d3 Bg7 6. g3 Nge7 7. Bg2 a6 8. 0-0 Nd4 9. Be3 Nxf3+ 10. Qxf3 d6 11. Rad1 0-0 12. Qe2 Rb8 13. Qc2 Bd7 14. Ne2 Nc6 15. Qd2 Qa5 16. Qxa5 Nxa5 17. b3 Nc6 18. Bh3 Nb4 19. a3 Nc6 20. Bf4 Be5 21. Bxe5 Nxe5 22. Bg2 Rfd8 23. d4 cxd4 24. Rxd4 b5 25. Rc1 bxc4 26. bxc4 Ba4 27. Nc3 Bb3 28. Ne2 Rbc8 29. Rd2 Nxc4 30. Rd4 e5 31. Rd3 Ba4 32. Rdc3 Nb6 33. Rxc8 Rxc8 34. Rb1 Nd7 35. Bf1 Bb5 36. Nc1 Bxf1 37. Kxf1 Nf6 38. Kg2 Nxe4 39. Na2 Rc2 40. Nb4 Rxf2+ 41. Kh3 h5 42. Rh1 Rb2 43. Nxa6 Nf2+ 0-1

[Event "Roncana op-C 9th"]
[Site "Santa Eulalia de Roncana"]
[Date "2015.11.07"]
[Round "5"]
[White "Elkhafi, Ayoub"]
[Black "Alcantara Ruiz, Natalia"]
[Result "1-0"]
[WhiteElo "1709"]
[BlackElo "1713"]
[PlyCount "78"]
[EventDate "2015.10.03"]
[EventType "swiss"]
[EventRounds "8"]
[EventCountry "ESP"]
[SourceTitle "EXT 2017"]
[Source "ChessBase"]
[SourceDate "2016.10.25"]
[SourceVersion "1"]
[SourceVersionDate "2016.10.25"]
[SourceQuality "1"]

1. d4 d5 2. Nc3 Nf6 3. Nf3 Nc6 4. Bf4 e6 5. a3 a6 6. Qd3 Be7 7. e4 0-0 8. e5 Nh5 9. Bd2 f6 10. Be2 Bd7 11. 0-0 Be8 12. exf6 Nxf6 13. Ne5 Bd6 14. Qg3 g6 15. Bh6 Qe7 16. Bxf8 Qxf8 17. Qe3 Nd7 18. Nxc6 bxc6 19. Qxe6+ Qf7 20. Qxf7+ Bxf7 21. Bg4 Nf6 22. Bh3 Re8 23. f4 Ne4 24. Nxe4 Rxe4 25. f5 Rxd4 26. fxg6 Bxg6 27. c3 Re4 28. b4 Be5 29. Rfe1 Bxc3 30. Rxe4 Bxe4 31. Rc1 Bb2 32. Rxc6 d4 33. Rxa6 d3 34. Bg4 d2 35. a4 Bf6 36. Rxf6 Bc2 37. a5 Bb3 38. b5 h5 39. Be2 Ba4 1-0

[Event "Roncana op-C 9th"]
[Site "Santa Eulalia de Roncana"]
[Date "2015.10.24"]
[Round "3"]
[White "Elkhafi, Ayoub"]
[Black "Krasic Moreno, Nikola"]
[Result "0-1"]
[WhiteElo "1709"]
[BlackElo "1706"]
[PlyCount "148"]
[EventDate "2015.10.03"]
[EventType "swiss"]
[EventRounds "8"]
[EventCountry "ESP"]
[SourceTitle "EXT 2017"]
[Source "ChessBase"]
[SourceDate "2016.10.25"]
[SourceVersion "1"]
[SourceVersionDate "2016.10.25"]
[SourceQuality "1"]

1. d4 c5 2. d5 d6 3. e4 e5 4. c4 Nf6 5. Nc3 Be7 6. Qa4+ Bd7 7. Qb3 b6 8. Bd3 0-0 9. Qd1 Na6 10. Qf3 Nb4 11. Qg3 g6 12. Bb1 Nh5 13. Qf3 Bg5 14. Bxg5 Qxg5 15. Nh3 Qc1+ 16. Qd1 Qxb2 17. Bd3 Qxc3+ 18. Ke2 Bg4+ 19. f3 Ng3+ 20. hxg3 Bxh3 21. gxh3 Qb2+ 22. Qd2 Nxd3 23. Kxd3 Qd4+ 24. Kc2 Qxc4+ 25. Kb2 Qb5+ 26. Ka3 c4 27. Rab1 Qc5+ 28. Ka4 b5+ 29. Rxb5 Qc7 30. Qb4 Rab8 31. Qc5 Qc8 32. Qxa7 Ra8 33. Qxa8 Qxa8+ 34. Ra5 Qb7 35. Rb5 Qd7 36. Ka5 Rb8 37. Rxb8+ Kg7 38. Kb6 Qa4 39. Kc7 Qxa2 40. Kxd6 Qa5 41. Kc6 c3 42. Rb5 Qa8+ 43. Kc5 Qc8+ 44. Kb4 c2 45. Rc5 Qb7+ 46. Kc3 Qb6 47. Rc4 Qb5 48. Rc1 Qa5+ 49. Kxc2 Qa2+ 50. Kd3 Qb3+ 51. R1c3 Qb1+ 52. Ke2 Qb2+ 53. Rc2 Qb5 54. d6 h5 55. Kf2 Qb6+ 56. Kg2 Qxd6 57. Rc6 Qd7 58. g4 hxg4 59. hxg4 Kh6 60. Kg3 Qe7 61. f4 exf4+ 62. Kxf4 f6 63. Re2 Qe5+ 64. Kf3 Kg5 65. Ke3 Qf4+ 66. Kd3 Qxg4 67. e5 Qf3+ 68. Re3 Qxc6 69. e6 Qd6+ 70. Kc4 Qf4+ 71. Kd3 Qf5+ 72. Kd4 Qf4+ 73. Re4 Qd6+ 74. Ke3 f5 0-1

[Event "Roncana op-C 8th"]
[Site "Santa Eulalia de Roncana"]
[Date "2014.11.29"]
[Round "7"]
[White "Fernandez Ferreira, Eric"]
[Black "Elkhafi, Ayoub"]
[Result "0-1"]
[WhiteElo "1746"]
[BlackElo "1700"]
[PlyCount "60"]
[EventDate "2014.10.11"]
[EventType "swiss"]
[EventRounds "8"]
[EventCountry "ESP"]
[SourceTitle "EXT 2022"]
[Source "ChessBase"]
[SourceDate "2021.10.06"]
[SourceVersion "1"]
[SourceVersionDate "2021.10.06"]
[SourceQuality "1"]

1. e4 e5 2. Nf3 Nc6 3. Bc4 Bb4 4. 0-0 Nf6 5. Ng5 0-0 6. Qf3 Ne8 7. Bxf7+ Kh8 8. Qh3 Qxg5 9. Bxe8 Rxe8 10. d3 Qe7 11. c3 Ba5 12. Qh5 Qf8 13. c4 d6 14. Bd2 Bxd2 15. Nxd2 Be6 16. Rac1 Bf7 17. Qg4 Qe7 18. Rfe1 Kg8 19. Nf3 Rf8 20. Re3 Nb4 21. Ra1 Nc2 22. Rae1 Nxe3 23. Rxe3 Be6 24. Qh5 c6 25. Ng5 h6 26. Qg6 Qxg5 27. Qxe6+ Rf7 28. Rg3 Qf6 29. Qg4 Qxf2+ 30. Kh1 Qf1# 0-1